000 00224nam a22000857a 4500
008 160915b xxu||||| |||| 00| 0 eng d
100 _9513
_aWadhwa.K
245 _aMathematics Lab-7
260 _aNew Delhi
_bDhanpat Publications
_c2012
999 _c3170
_d3170